| 000 | 00489nam a2200193Ia 4500 | ||
|---|---|---|---|
| 003 | GCL | ||
| 008 | 140319s9999 xx 000 0 aRus d | ||
| 040 |
_aGCL / _cGCL |
||
| 082 | 0 | 4 |
_a863 _bG S |
| 100 | 1 | _aGALDOS, BENITO PEREZ | |
| 245 | 1 | 0 |
_aSIETE DE JULIO / _cGALDOS, BENITO PEREZ |
| 260 |
_a[S.N] : _bALIANZA EDITORIAL ، _c1976 |
||
| 300 | _a161 P | ||
| 650 | 0 | 4 | _aLITERATURE |
| 650 | 0 | 4 | _aFICTION |
| 650 | 0 | 4 | _aSPANISH LITERATURE |
| 650 | 0 | 4 | _aSPANISH FICTION |
| 942 |
_2ddc _cBK |
||
| 999 |
_c10961 _d10961 |
||